马云的团队经 (Record no. 70043)

000 -LEADER
fixed length control field 00293nam a22001217a 4500
008 - FIXED-LENGTH DATA ELEMENTS--GENERAL INFORMATION
fixed length control field 260106b |||||||| |||| 00| 0 eng d
020 ## - INTERNATIONAL STANDARD BOOK NUMBER
International Standard Book Number 9787515512761
082 ## - DEWEY DECIMAL CLASSIFICATION NUMBER
Call number 0
Item number 0
245 ## - TITLE STATEMENT
Title 马云的团队经
Statement of responsibility, etc. 李强
260 ## - PUBLICATION, DISTRIBUTION, ETC.
Place of publication, distribution, etc. 北京
Name of publisher, distributor, etc. 金城出版社
Date of publication, distribution, etc. 2015
365 ## - TRADE PRICE
Price gift
942 ## - ADDED ENTRY ELEMENTS (KOHA)
Source of classification or shelving scheme
Koha item type Book
Holdings
Withdrawn status Lost status Source of classification or shelving scheme Damaged status Not for loan Home library Current library Date acquired Total Checkouts Barcode Date last seen Price effective from Koha item type
          Malaysian Public Library, Research and Development Centre Malaysian Public Library, Research and Development Centre 06/01/2026   E0005188 06/01/2026 06/01/2026 Book

© 2022. Malaysian Public Library, Research and Development Centre. All Right ReservedE-mailmplrdc@help.edu.my 

Powered by Koha